LEADER 01961nam 2200577 a 450 001 9910457346203321 005 20200520144314.0 010 $a1-283-63544-5 010 $a0-8263-3766-X 035 $a(CKB)2550000000051169 035 $a(EBL)1119032 035 $a(OCoLC)817818802 035 $a(SSID)ssj0000539690 035 $a(PQKBManifestationID)11369668 035 $a(PQKBTitleCode)TC0000539690 035 $a(PQKBWorkID)10579902 035 $a(PQKB)11476543 035 $a(MiAaPQ)EBC1119032 035 $a(OCoLC)780538071 035 $a(MdBmJHUP)muse7459 035 $a(Au-PeEL)EBL1119032 035 $a(CaPaEBR)ebr10492234 035 $a(EXLCZ)992550000000051169 100 $a20051114d2006 uy 0 101 0 $aeng 135 $aur|n|---||||| 181 $ctxt 182 $cc 183 $acr 200 14$aThe Old West in the old world$b[electronic resource] $elost plays by Bret Harte and Sam Davis /$fedited by Lawrence I. Berkove and Gary Scharnhorst 210 $aAlbuquerque $cUniversity of New Mexico Press$d2006 215 $a1 online resource (236 p.) 300 $aDescription based upon print version of record. 311 $a0-8263-3764-3 320 $aIncludes bibliographical references and index. 327 $aThe luck of Roaring Camp / by Bret Harte --The prince of Timbuctoo / by Sam Davis. 330 $aPresents the plays The Luck of Roaring Camp , by Bret Harte, and The Prince of Timbuctoo , by Sam Davis. 607 $aWest (U.S.)$vDrama 608 $aElectronic books. 676 $a812/.408 700 $aHarte$b Bret$f1836-1902.$0193120 701 $aBerkove$b Lawrence I$0892900 701 $aScharnhorst$b Gary$0892901 701 2$aDavis$b Sam P$g(Sam Post),$f1850-1918.$0892902 801 0$bMiAaPQ 801 1$bMiAaPQ 801 2$bMiAaPQ 906 $aBOOK 912 $a9910457346203321 996 $aThe Old West in the old world$91994502 997 $aUNINA LEADER 01553nam 2200469Ia 450 001 9910711271603321 005 20180711121001.0 024 8 $aGOVPUB-C13-e2c0c6f99b8154b950f89bed4071c0ea 035 $a(CKB)5470000002481303 035 $a(OCoLC)959982889 035 $a(OCoLC)995470000002481303 035 $a(EXLCZ)995470000002481303 100 $a20161006d1954 ua 0 101 0 $aeng 181 $ctxt$2rdacontent 182 $cc$2rdamedia 183 $acr$2rdacarrier 200 10$aLuminosity filter and thermopile for a physical photometer /$fRay P. Teele, Marion A. Belknap 210 1$aGaithersburg, MD :$cU.S. Dept. of Commerce, National Institute of Standards and Technology,$d1954. 215 $a1 online resource 225 1 $aNBS report ;$v3077 300 $a1954. 300 $aContributed record: Metadata reviewed, not verified. Some fields updated by batch processes. 300 $aTitle from PDF title page. 320 $aIncludes bibliographical references. 606 $aThermopiles 606 $aThermopiles$2fast 615 0$aThermopiles. 615 7$aThermopiles. 700 $aTeele$b Ray P$01394667 701 $aBelknap$b Marion A$01415562 701 $aTeele$b Ray P$01394667 712 02$aUnited States.$bNational Bureau of Standards. 801 0$bNBS 801 1$bNBS 801 2$bOCLCO 801 2$bOCLCF 801 2$bOCLCQ 906 $aBOOK 912 $a9910711271603321 996 $aLuminosity filter and thermopile for a physical photometer$93517980 997 $aUNINA